AFC Richmond Players - Statistics

General Stats
  • This quiz has been taken 9 times
  • The average score is 5 of 34
Answer Stats
Shirt Number Answer % Correct
9 Jamie Tartt
89%
6 Roy Kent
67%
14 Dani Rojas
56%
24 Sam Obisanya
56%
10 Zava
56%
12 Colin Hughes
44%
13 Jan Maas
33%
8 Richard Montlaur
22%
2 Arlo Dixon
11%
17 Jeff Goodman
11%
21 Moe Bumbercatch
11%
1 Tom O'Brien
11%
25 Alexander
0%
33 Andres Rosenfeldt
0%
25 Bekoe
0%
28 Bhargava
0%
18 Bockronde
0%
19 Declan Cockburn
0%
3 Gareth Canterbury
0%
31 Garron
0%
26 Garvey
0%
5 Isaac McAdoo (C)
0%
15 Jack Dawkins
0%
28 Kyle McCracken
0%
22 Martin De Maat
0%
7 Ozzie Kukoc
0%
20 Paul Reynolds
0%
23 Sagredo
0%
23 Snape
0%
16 Tanaka Roberts
0%
81 Theirry Zoreaux
0%
4 Tommy Winchester
0%
27 Tyler Shannon
0%
18 Ugo Babatunde
0%
No matching quizzes found
Score Distribution
Percent of People with Each Score
Percentile by Number Answered
Your Score History
You have not taken this quiz